000 00512nam a22001817a 4500
999 _c192837
_d192837
005 20221006160416.0
010 _aENG-135316
020 _a9788171921560
_c899.00
035 _aEN-118848
037 _bDBAD/PUB
082 _a880.2
100 _aGupta,Ashish
245 _aNovels of Anita Nair:
_cby Ashish Gupta
_ba critical perspective/
260 _bDattsons
_c2018
_aNagpur
270 _aJ.N.Marg.sadar,
_bNagpur
_e440001
300 _aix,168p.
_c22cm(Hb)
942 _2ddc
_cEN
_h880.2
_mGUP